000
00318nam a22001337a 4500
008
181015b xxu||||| |||| 00| 0 eng d
020
_a
0882952099
041
_a
eng
080
_a
316
100
_a
50
101
_a
SOC
245
_a
Minority-Dominant Relations a Sociological Analysis
_c
Davis,F.J
942
_2
udc
_c
BK
999
_c
49713
_d
49713